One word substitution / (Record no. 74094)

MARC details
000 -LEADER
fixed length control field 00750nam a22002297a 4500
005 - DATE AND TIME OF LATEST TRANSACTION
control field 20140821151715.0
010 ## - LCCN (DPL NO)
LC control number B-495944 ENG-110110
020 ## - INTERNATIONAL STANDARD BOOK NUMBER
International Standard Book Number 9789350481820
Terms of availability 150.00
035 ## - SYSTEM CONTROL NUMBER
System control number B-495944
035 ## - SYSTEM CONTROL NUMBER
System control number EN-93643
037 ## - SOURCE OF ACQUISITION
Source of stock number/acquisition Prabhat Prakashan/Ven
037 ## - SOURCE OF ACQUISITION
Source of stock number/acquisition DBAD/PUB
082 ## - DEWEY DECIMAL CLASSIFICATION NUMBER
Classification number 488.1
100 ## - MAIN ENTRY--PERSONAL NAME
Personal name Borgohain, Pallavi
245 ## - TITLE STATEMENT
Title One word substitution /
Statement of responsibility, etc by Pallavi Borgohain
260 ## - PUBLICATION, DISTRIBUTION, ETC. (IMPRINT)
Place of publication, distribution, etc New Delhi
Name of publisher, distributor, etc Prabhat Books
Date of publication, distribution, etc 2012
270 ## - ADDRESS
Address 4/19 Asaf Ali Road,
City New Delhi
Postal code 110002
300 ## - PHYSICAL DESCRIPTION
Extent 120p.
Dimensions 22cm(Hb)
500 ## - GENERAL NOTE
General note Includes index
942 ## - ADDED ENTRY ELEMENTS (KOHA)
Source of classification or shelving scheme Dewey Decimal Classification
Item type English Books
Call number suffix BOR
Classification part 488.1
Holdings
Withdrawn status Lost status Not for loan Collection code Home library Current library Date acquired Source of acquisition Cost, normal purchase price Full call number Barcode Copy number Cost, replacement price Koha item type
  Written-off vide DLB M. No. 383 dt 16.05.19   Non-fiction Central Library Central Library 10/04/2013 Prabhat Prakashan/L2765/11.03.2013/176/11.03.2013/15.03.2013 150.00 488.1 BOR B-495944 1 150.00 English Books
    Not For Loan Non-fiction D.B.Act.Division D.B.Act.Division 04/08/2014 DBAD/PUB 150.00 488.1 BOR EN-93643 1 150.00 English Books

© Delhi Public Library
Hit Counter
free hit counter